Catálogo público

A manual of acarology / G. W. Krantz, D. E. Walter (Record no. 217196)

MARC details
000 -CABECERA
campo de control de longitud fija 00894nam a2200277Ia 4500
001 - NÚMERO DE CONTROL
campo de control Para_9759
003 - IDENTIFICADOR DEL NÚMERO DE CONTROL
campo de control CHAP
005 - FECHA Y HORA DE LA ÚLTIMA TRANSACCIÓN
campo de control 20260202144822.0
008 - DATOS DE LONGITUD FIJA--INFORMACIÓN GENERAL
campo de control de longitud fija 220602s2009 us a r 000 0 eng d
020 ## - NÚMERO INTERNACIONAL ESTÁNDAR DEL LIBRO
Número Internacional Estándar del Libro 9780896726208
040 ## - FUENTE DE LA CATALOGACIÓN
Centro/agencia transcriptor PA
082 ## - NÚMERO DE LA CLASIFICACIÓN DECIMAL DEWEY
Número de clasificación PA 595.42 K36 2009
100 ## - ENTRADA PRINCIPAL--NOMBRE DE PERSONA
Nombre de persona Krantz, G. W.
9 (RLIN) 63862
245 ## - MENCIÓN DE TÍTULO
Título A manual of acarology / G. W. Krantz, D. E. Walter
250 ## - MENCIÓN DE EDICIÓN
Mención de edición 3 er. edición
264 ## - PRODUCCIÓN, PUBLICACIÓN, DISTRIBUCIÓN, FABRICACIÓN Y COPYRIGHT
Producción, publicación, distribución, fabricación y copyright Estados Unidos :
Nombre del de productor, editor, distribuidor, fabricante Texas Tech University Press
Fecha de producción, publicación, distribución, fabricación o copyright 2009
300 ## - DESCRIPCIÓN FÍSICA
Extensión vii, 807 p
500 ## - NOTA GENERAL
Nota general Incluye bibliografía
650 ## - PUNTO DE ACCESO ADICIONAL DE MATERIA--TÉRMINO DE MATERIA
Término de materia o nombre geográfico como elemento de entrada Aracnidos - Clasificación \ Gorgojos - Clasificación \ Garrapatas - Clasificación
9 (RLIN) 184996
700 ## - PUNTO DE ACCESO ADICIONAL--NOMBRE DE PERSONA
Nombre de persona Walter, D. E.Ì
9 (RLIN) 184997
942 ## - ELEMENTOS DE PUNTO DE ACCESO ADICIONAL (KOHA)
Tipo de ítem Koha Libro_
Fuente del sistema de clasificación o colocación Dewey Decimal Classification
260 ## - PUBLICACIÓN, DISTRIBUCIÓN, ETC.
Lugar de publicación, distribución, etc. Lubbock, Texas : Texas Tech University Press
901 ## - ELEMENTOS DE DATOS A LOCAL LDA (RLIN)
a PA 595.42 K36 2009
902 ## - ELEMENTOS DE DATOS B LOCAL, LDB (RLIN)
a M
905 ## - ELEMENTOS DE DATOS E LOCAL, LDE (RLIN)
a 5232272009 a 8000000000 00
Holdings
Estado de retiro Estado de pérdida Fuente del sistema de clasificación o colocación Estado dañado Restricciones de uso No para préstamo Código de colección Localización permanente Ubicación/localización actual Fecha de adquisición Número de inventario Total de préstamos Signatura topográfica completa Código de barras Fecha visto por última vez Fecha del último préstamo Número de copia Precio válido a partir de Tipo de ítem Koha Nota pública
    Dewey Decimal Classification   Préstamo 3 días   General Parasitologia Agricola Parasitologia Agricola 16/10/2012 (PA_09871) (No. UACh C/E) 1 PA 595.42 K36 2009 4102000832 15/04/2024 10/04/2024 Ej.2 02/06/2022 Libro 3
    Dewey Decimal Classification   Préstamo interno   General Parasitologia Agricola Parasitologia Agricola 23/11/2011 (PA_09818) (No. UACh C/E)   PA 595.42 K36 2009 4102000831 02/06/2022   Ej.1 02/06/2022 Libro 2